000 nam a22 a 4500
999 _c3046
_d3046
005 20170519102603.0
008 170519b2001 enk||||| |||| 00| 0 eng d
020 _a047140554X
040 _aAKMAL
082 _a658.155 CUL
090 _a658.155
_bCUL
100 _aCulp, Christopher
_96348
245 _aThe risk management process
_bbusiness strategy and tactics /
_cChristopher L. Culp.
260 _aNew York
_aChichester
_bJohn Wiley
_cc2001.
300 _axv, 606 p.
_bill.
_c24cm
500 _aIncludes bibliographical references (p. 584-596) and index.
650 _aRisk management.
_91107
650 _aBusiness planning.
_96297
942 _2ddc
_cBOOK